Nachbarländer oder nicht?! - Sudden Death #2 - Statistiken

Allgemein
  • Dieses Quiz wurde 249 mal gespielt
  • Das Durchschnittsergebnis liegt bei 6 aus 10
Answers on the Grid
Answers color-coded by a green-red scale on the quiz's grid according to % correct below.
Kuba🇨🇺 & ❌️
Israel🇮🇱 & Syrien🇸🇾
Deutschland🇩🇪 & Luxemburg🇱🇺
Türkei🇹🇷 & Armenien🇦🇲
Venezuela🇻🇪 & Guyana🇬🇾
Südsudan🇸🇸 & Uganda🇺🇬
Senegal🇸🇳 & Guinea-Bissau🇬🇼
Taiwan🇹🇼 & ❌️
Polen🇵🇱 & Russland🇷🇺
Irak🇮🇶 & Kuwait🇰🇼
Dom.Rep.🇩🇴 & Dominica🇩🇲
Kanada🇨🇦 & Mexiko🇲🇽
Uruguay🇺🇾 & Paraguay🇵🇾
Niederlande🇳🇱 & Frankreich🇫🇷
Angola🇦🇴 & Südafrika🇿🇦
Eswatini🇸🇿 & Lesotho🇱🇸
Australien🇦🇺 & Neuseeland🇳🇿
Andorra🇦🇩 & Portugal🇵🇹
Monaco🇲🇨 & Italien🇮🇹
Südkorea🇰🇷 & Russland🇷🇺
 
Antwortstatistiken
Antwort % Korrekt
Deutschland🇩🇪 & Luxemburg🇱🇺
83%
Polen🇵🇱 & Russland🇷🇺
66%
Israel🇮🇱 & Syrien🇸🇾
59%
Türkei🇹🇷 & Armenien🇦🇲
59%
Taiwan🇹🇼 & ❌️
58%
Kuba🇨🇺 & ❌️
57%
Venezuela🇻🇪 & Guyana🇬🇾
55%
Senegal🇸🇳 & Guinea-Bissau🇬🇼
51%
Irak🇮🇶 & Kuwait🇰🇼
50%
Südsudan🇸🇸 & Uganda🇺🇬
45%
Keine übereinstimmenden Quizze gefunden
Verteilung der Resultate
Anzahl Personen mit jedem Resultat
Perzentil nach korrekt beantworteten Fragen
Ihre Resultats-Entwicklung
Sie haben dieses Quiz noch nicht gespielt